ბათუმის შოთა რუსთაველის სახელმწიფო უნივერსიტეტის ბიბლიოთეკა

ქუთაისის გარემოს გამაბინძურებელ აგენტთა მოსახლეობის ჯანმრთელობაზე (ბიბ.ჩანაწერი № 39083)

000 -LEADER
fixed length control field 00781nam a2200181Ia 4500
001 - CONTROL NUMBER
control field 5649
003 - CONTROL NUMBER IDENTIFIER
control field GE_BSU
008 - FIXED-LENGTH DATA ELEMENTS--GENERAL INFORMATION
fixed length control field 181216s||||||||xx |||||||||||||| ||und||
040 ## - CATALOGING SOURCE
Transcribing agency GE_BSU
080 ## - UNIVERSAL DECIMAL CLASSIFICATION NUMBER
Universal Decimal Classification number 504.5(479.22)
245 ## - TITLE STATEMENT
Title ქუთაისის გარემოს გამაბინძურებელ აგენტთა მოსახლეობის ჯანმრთელობაზე
260 ## - PUBLICATION, DISTRIBUTION, ETC.
Place of publication, distribution, etc. ქუთაისი
260 ## - PUBLICATION, DISTRIBUTION, ETC.
Name of publisher, distributor, etc. პედ.ინ-თიშ "ლამპარი
260 ## - PUBLICATION, DISTRIBUTION, ETC.
Date of publication, distribution, etc. 2009
300 ## - PHYSICAL DESCRIPTION
Extent 112გვ.20სმ.
653 ## - INDEX TERM--UNCONTROLLED
Uncontrolled term ქუთაისის გარემოს გამაბინძურებელ აგენტთა მოსახლეობის ჯანმრთელობაზე
942 ## - ADDED ENTRY ELEMENTS (KOHA)
Koha item type წიგნი

არაა ხელმისაწვდომი ეგზემპლარები.